| 000 | 00433nam a2200193Ia 4500 | ||
|---|---|---|---|
| 999 |
_c46704 _d46704 |
||
| 003 | 0100 | ||
| 005 | 20170530080151.0 | ||
| 008 | 130303s9999 xx 000 0 und d | ||
| 040 | _cARRUPELIB | ||
| 050 | _aDT434.E2W58 | ||
| 100 |
_aWood, Susan Buxton _931529 |
||
| 245 | _aKenya | ||
| 245 | _bthe tensions of progress | ||
| 260 |
_bOxford University Press _aLondon _c1960 |
||
| 300 | _a108p. | ||
| 300 | _b 19cm | ||
| 650 |
_aHISTORY _98438 |
||
| 650 |
_aKenya _xColony _xPolitics _931530 |
||
| 942 |
_2lcc _cMONOGRAPH |
||